| 000 | 00813nam a2200229 i 4500 | ||
|---|---|---|---|
| 001 | 27908 | ||
| 003 | ES-MaACL | ||
| 005 | 20230906153728.0 | ||
| 007 | t| | ||
| 008 | 030115s1873 ag ||||1| spa d | ||
| 100 | 1 |
_aBalbin, Valentín. _924845 |
|
| 245 | 1 | 0 |
_aMejoras de las vías públicas de la ciudad de Buenos Aires _b: publicación oficial / _c[Valentín Balbin]. |
| 260 |
_aBuenos Aires : _b[s.n.], _c1873 ( _fImp. del Mercurio) |
||
| 300 |
_a89 p., [10] h. pleg. de lám. ; _c25 cm. |
||
| 530 | _aDisponible en formato digital. | ||
| 594 | _aAutor tomado de preliminarres. | ||
| 650 | 4 |
_aPavimentos. _9199024 |
|
| 852 |
_aES-MaACL _jT-519-F-2 |
||
| 852 |
_aES-MaACL _jT-519-F-3 |
||
| 856 |
_uhttp://bdh-rd.bne.es/viewer.vm?id=0000049024&page=1 _zBiblioteca Digital Hispánica |
||
| 999 |
_c27908 _d27908 |
||